| 000 | 00600nam a22001817a 4500 | ||
|---|---|---|---|
| 999 |
_c61478 _d61478 |
||
| 005 | 20240319103538.0 | ||
| 008 | 240319s2000 ru ||||| |||| 00| 0 rus d | ||
| 020 | _a5900357422 | ||
| 041 | _arus | ||
| 080 | _a550.8+622(3)(091) P-31 | ||
| 100 |
_aРебрик, Б.М. _921459 |
||
| 245 |
_a У колыбели геологии и горного дела / _cБ.М. Ребрик. |
||
| 264 |
_a Москва : _bГеоинформмарк , _c 2000. |
||
| 300 |
_a181 с. : _bил.; _c21 cm. |
||
| 653 | _aგეოლოგია | ||
| 653 | _aსამთო საქმე | ||
| 942 |
_2udc _cBK |
||